00483nam a22001337a 4500008004100000020001800041050002200059100002200081245012300103260003000226300003000256500005100286600001200337220223b |||||||| |||| 00| 0 eng d a9780804125031 aR 838.5 .P75 2014 aPrinceton, Review aMCAT critical analysis and reasoning skills review:bCritical analysis and reasoning skills Review/cPrinceton, Review aUS:bRandom House,c2014. aix,1078p. :bill. ;c37cm aincludes bibliographical references and index. 2Medical